Benét's reader's encyclopedia / (Record no. 1316)

MARC details
000 -LEADER
fixed length control field 00712nam a2200253 a 4500
005 - DATE AND TIME OF LATEST TRANSACTION
control field 20260322212055.0
008 - FIXED-LENGTH DATA ELEMENTS--GENERAL INFORMATION
fixed length control field data
010 ## - LIBRARY OF CONGRESS CONTROL NUMBER
LC control number 96217151
020 ## - INTERNATIONAL STANDARD BOOK NUMBER
International Standard Book Number 0061810886 :
Terms of availability {dollar}35.00
020 ## - INTERNATIONAL STANDARD BOOK NUMBER
International Standard Book Number 9780061810886 :
Terms of availability {dollar}35.00
040 ## - CATALOGING SOURCE
Original cataloging agency DLC
Transcribing agency DLC
Modifying agency DLC
050 00 - LIBRARY OF CONGRESS CALL NUMBER
Classification number PN41
Item number .B4 1996
092 ## - LOCALLY ASSIGNED DEWEY CALL NUMBER (OCLC)
Classification number 803 B4 1996
001 - CONTROL NUMBER
control field data
245 00 - TITLE STATEMENT
Title Benét's reader's encyclopedia /
Statement of responsibility, etc. edited by Bruce Murphy.
246 30 - VARYING FORM OF TITLE
Title proper/short title Reader's encyclopedia
250 ## - EDITION STATEMENT
Edition statement 4th ed.
260 0# - PUBLICATION, DISTRIBUTION, ETC.
Place of publication, distribution, etc. New York :
Name of publisher, distributor, etc. HarperCollinsPublishers,
Date of publication, distribution, etc. c1996.
300 ## - PHYSICAL DESCRIPTION
Extent xiv, 1144 p. ;
Dimensions 25 cm.
650 #0 - SUBJECT ADDED ENTRY--TOPICAL TERM
Topical term or geographic name entry element Literature
Form subdivision Dictionaries.
650 #0 - SUBJECT ADDED ENTRY--TOPICAL TERM
Topical term or geographic name entry element Art
Form subdivision Dictionaries.
650 #0 - SUBJECT ADDED ENTRY--TOPICAL TERM
Topical term or geographic name entry element Music
Form subdivision Dictionaries.
700 1# - ADDED ENTRY--PERSONAL NAME
Personal name Murphy, Bruce,
Dates associated with a name 1962-
Holdings
Withdrawn status Lost status Damaged status Not for loan Home library Current library Shelving location Date acquired Total checkouts Full call number Barcode Date last seen Price effective from Koha item type
        Franklin Franklin General stacks 22/03/2026   PN41 .B4 1996 BC0011359 22/03/2026 22/03/2026 Books